000 01026nam a2200277 i 4500
001 11932
003 KOSZ 005
005 20190722100440.0
008 070712s1969 pl a f 000 0 pol
015 _aPB 1970/2032
040 _aWA N
_cKOSZ 005/RW
_dKOSZ 005/RW
080 _a621.316/.317
100 1 _aDomosławski, Stanisław.
_eAutor
245 1 0 _aMierniki izolacji i mierniki uziemienia /
_cStanisław Domosławski.
260 _aWarszawa :
_bWydawnictwa Naukowo-Techniczne,
_c1969.
300 _a84, [3] s. :
_bil. ;
_c23 cm.
380 _aKsiążki.
490 1 _aEksploatacja Elektrycznej Aparatury Pomiarowej.
504 _aBibliogr. s. [86].
650 4 _aIzolacje elektryczne
_xpomiary.
650 4 _aUziemienie
_xpomiary.
710 2 _aWydawnictwa Naukowo-Techniczne
_4pbl.
830 0 _aEksploatacja Elektrycznej Aparatury Pomiarowej.
856 _uhttp://koha.tu.koszalin.pl/cgi-bin/koha/opac-detail.pl?biblionumber=11932
_yKatalog online BPK
942 _2UKD
_cKS
999 _c11932
_d11932